[Event "91st GER-ch 2020"]
[Site "Magdeburg"]
[Date "2020.08.20"]
[Round "7.16"]
[White "Bastian, Herbert"]
[Black "Gustain, Marc"]
[Result "1-0"]
[WhiteElo "2272"]
[BlackElo "2173"]
[Annotator "ChessBase"]
[PlyCount "67"]
[EventDate "2020.08.16"]
[EventType "swiss"]
[EventCountry "GER"]
[SourceTitle "playchess.com"]
[Source "ChessBase"]
[SourceQuality "1"]
[TimeControl "40/5400+30:1800+30"]

1. e4 {[%emt 0:00:00]} d5 {[%emt 0:00:00]} 2. exd5 {[%emt 0:00:08]} Qxd5 {[%emt 0:00:00]} 3. Nc3 {[%emt 0:00:11]} Qd8 {[%emt 0:00:00]} 4. d4 {[%emt 0:00:49]} Nf6 {[%emt 0:00:00]} 5. Be2 {[%emt 0:05:37]} Bf5 {[%emt 0:00:55]} 6. Be3 {[%emt 0:01:02]} e6 {[%emt 0:00:29]} 7. Nf3 {[%emt 0:00:52]} c6 {[%emt 0:01:58]} 8. Nh4 {[%emt 0:01:18]} Bg6 {[%emt 0:00:37]} 9. Nxg6 {[%emt 0:01:58]} hxg6 {[%emt 0:00:04]} 10. Qd3 {[%emt 0:01:33]} Bb4 {[%emt 0:03:58]} 11. O-O-O {[%emt 0:01:38]} Qa5 {[%emt 0:05:46]} 12. Kb1 {[%emt 0:04:27]} Nbd7 {[%emt 0:04:27]} 13. Ne4 {[%emt 0:06:16]} Nxe4 {[%emt 0:02:01]} 14. Qxe4 {[%emt 0:00:06]} Nf6 {[%emt 0:01:02]} 15. Qd3 {[%emt 0:00:51]} Nd5 {[%emt 0:03:33]} 16. c4 {[%emt 0:04:55]} Nxe3 {[%emt 0:02:02]} 17. fxe3 {[%emt 0:00:16]} Be7 {[%emt 0:01:55]} 18. Bf3 {[%emt 0:03:10]} O-O-O {[%emt 0:04:44]} 19. Qb3 {[%emt 0:01:40]} Qb4 {[%emt 0:03:07]} 20. Qc2 {[%emt 0:06:45]} Kb8 {[%emt 0:09:57]} 21. Rd3 {[%emt 0:04:33]} Qd6 {[%emt 0:04:42]} 22. h3 {[%emt 0:03:34]} e5 {[%emt 0:12:15]} 23. Rhd1 {[%emt 0:08:39]} f5 {[%emt 0:04:12]} 24. Rb3 {[%emt 0:10:24]} exd4 {[%emt 0:03:10]} 25. exd4 {[%emt 0:01:00]} Bf6 {[%emt 0:01:08]} 26. c5 {[%emt 0:01:58]} Qc7 {[%emt 0:11:24]} 27. d5 {[%emt 0:02:10]} cxd5 {[%emt 0:02:21]} 28. Bxd5 {[%emt 0:01:17]} b6 {[%emt 0:04:53]} 29. Qf2 {[%emt 0:08:50]} Qe5 {[%emt 0:03:50]} 30. cxb6 {[%emt 0:01:03]} Rxd5 {[%emt 0:00:16]} 31. bxa7+ {[%emt 0:00:10]} Ka8 {[%emt 0:00:34]} 32. Qf3 {[%emt 0:00:11]} Rhd8 {[%emt 0:02:36]} 33. Rb5 {[%emt 0:00:32]} Qe2 {[%emt 0:05:55]} 34. Rdxd5 {[%emt 0:01:14]} 1-0

[Event "91st GER-ch 2020"]
[Site "Magdeburg"]
[Date "2020.08.20"]
[Round "7.17"]
[White "Falke, Isaak"]
[Black "Hundack, Rolf"]
[Result "1-0"]
[WhiteElo "2113"]
[BlackElo "2126"]
[Annotator "TA"]
[PlyCount "147"]
[EventDate "2020.08.16"]
[EventType "swiss"]
[EventCountry "GER"]
[SourceTitle "playchess.com"]
[Source "ChessBase"]
[SourceQuality "1"]

{[%evp 15,147,12,40,20,34,6,33,27,45,41,40,40,48,38,54,54,45,47,38,33,32,14,14,14,14,15,24,16,31,31,36,25,14,0,0,0,40,0,0,0,0,0,0,0,8,0,47,74,104,57,75,68,102,65,149,141,223,0,250,249,230,238,318,197,197,104,197,197,195,186,181,179,177,182,182,181,173,172,197,196,195,195,210,195,210,195,210,207,195,195,195,156,244,240,253,248,218,0,162,0,135,96,132,100,94,41,71,0,100,93,169,161,259,159,282,280,237,153,170,169,200,153,656,537,576,585,5073,4886,4627,4209,9466,6507,12845,9570]} 1. e4 e5 2. Nf3 Nc6 3. Bc4 Be7 4. d4 exd4 5. Nxd4 d6 6. Nc3 Nf6 7. O-O O-O 8. f3 Bd7 9. a3 {[#] C41: Philidor Defence.} a6 $146 ({Predecessor:} 9... b6 10. Be3 Nxd4 11. Bxd4 Be6 12. Bd3 Nd7 13. Qe1 Bf6 14. Be3 Ne5 15. Be2 Nc4 16. Bc1 Bh4 {1-0 (48) Baranyai,A (1800)-Csak,J (1821) Hungary 2009}) 10. Ba2 Rb8 11. Be3 {White is slightly better.} b5 12. Nxc6 Bxc6 13. Qe2 a5 14. b4 a4 15. Rad1 Qc8 16. Ba7 Rb7 17. Bf2 Bd7 18. Nd5 (18. Rfe1 {is more complex.} c6 19. Bg3 Ne8 20. Rd3 Be6 21. Qd2) 18... Nxd5 19. exd5 Re8 20. c4 Bf6 21. Qd2 bxc4 22. Bxc4 Rb8 23. Rc1 h6 24. Bd4 Bxd4+ 25. Qxd4 Bb5 26. Qa7 Bxc4 27. Rxc4 Qf5 28. Qxa4 Qxd5 29. Rxc7 Re2 {aiming for ...Qa2!} 30. Kh1 Qg5 {[%csl Ge2][%cal Rg5g2]} 31. Rg1 Rbe8 32. Rcc1 R8e5 33. Qc6 g6 34. Rcd1 ({But not} 34. Qxd6 $2 Qxc1 $1 {[%mdl 512]} 35. Qb8+ Kh7 $19) 34... d5 (34... Qe3 $14) 35. b5 $16 {[%cal Bb4b5,Bb5b6][%mdl 32]} Qh4 (35... Qe3 $16 36. Rb1 Qf2) 36. Qd6 $2 ({White should try} 36. Rxd5 $18 R5e3 37. Qc8+ Re8 38. Qc3) 36... Rh5 $2 (36... Qxh2+ $1 $11 37. Kxh2 Rh5+ 38. Kg3 Rg5+ 39. Kh4 Rh5+ 40. Kg4 Rg5+ 41. Kf4 Rf5+ 42. Kg4 Rg5+ 43. Kh4 Rh5+ 44. Kg4 Rg5+) 37. Rxd5 $18 Rxd5 38. Qxd5 {[%mdl 4096] Endgame KQR-KQR} Qa4 39. b6 {Black must now prevent b7.} Rb2 40. Qc5 (40. Qd6 $18) 40... Qb5 (40... Qa6 $16) 41. Qxb5 $1 Rxb5 {KR-KR} 42. Ra1 Rxb6 43. a4 {[%cal Ba3a4,Ba4a5][%mdl 32]} Kf8 44. a5 Ra6 45. Kg1 Ke7 46. Kf2 Kd6 47. Ke3 Kd5 48. Kd3 Kc5 49. Kc3 Kb5 50. Ra2 Rc6+ 51. Kd4 {And now a6! would win.} Ka6 52. Kd5 Re6 53. Kc5 Re5+ {[#]} (53... g5 $16 {keeps fighting.} 54. Rd2 Re5+ 55. Kc4 Rxa5) 54. Kd6 $1 {[%cal Rd6e5]} Re6+ 55. Kd7 Re1 56. Kd6 Re6+ $1 57. Kc5 Re5+ 58. Kb4 Rb5+ 59. Kc3 Rd5 60. Rd2 ({Better is} 60. Kc4 $16 Rg5 61. g3) 60... Rf5 61. Ra2 Rd5 $1 62. f4 Rd1 (62... h5 $16 {was worth a try.}) 63. g3 Rd7 (63... h5 $142) 64. Kc4 Rd1 (64... h5 $16 65. f5 Rb7) 65. Kc5 h5 66. Re2 h4 67. Re7 ({Don't take} 67. gxh4 Rf1 $16) 67... hxg3 68. hxg3 Rg1 $2 {[#] This move loses the game for Black.} (68... Rc1+ $16 69. Kd5 Rd1+ 70. Kc6 Kxa5) 69. Re3 $1 {White is clearly winning.} Ra1 70. Kd6 g5 71. f5 Rf1 72. Ke5 Kxa5 73. Kf6 g4 74. Re4 {Accuracy: White = 67%, Black = 53%.} 1-0

[Event "91st GER-ch 2020"]
[Site "Magdeburg"]
[Date "2020.08.21"]
[Round "8.1"]
[White "Graf, Alexander"]
[Black "Muckle, Julius"]
[Result "1/2-1/2"]
[WhiteElo "2569"]
[BlackElo "2386"]
[Annotator "TA"]
[PlyCount "82"]
[EventDate "2020.08.16"]
[EventType "swiss"]
[EventCountry "GER"]
[SourceTitle "playchess.com"]
[Source "ChessBase"]
[SourceQuality "1"]

{[%evp 10,82,4,1,23,1,23,-5,36,29,26,17,27,29,38,48,68,47,48,48,69,82,93,78,135,128,99,68,66,42,40,40,52,6,6,6,6,7,6,6,16,16,59,59,59,59,59,59,59,59,59,59,59,59,59,59,59,59,59,59,59,59,59,59,59,59,60,15,17,2,23,8,13,0,0]} 1. Nf3 d5 2. g3 Nf6 3. Bg2 Bf5 4. c4 c6 5. b3 e6 6. Bb2 a5 {[%cal Ba7a5,Ba5a4][%mdl 32] A12: English Opening: 1...c6 with b3 by White.} 7. d3 a4 8. Nbd2 Nbd7 9. O-O Be7 {[#]} 10. cxd5 $146 ({Predecessor:} 10. Re1 Bg6 11. Ne5 Nxe5 12. Bxe5 O-O 13. a3 Nd7 14. Bd4 axb3 15. Qxb3 Nc5 16. Bxc5 Bxc5 17. cxd5 cxd5 18. Qxb7 {½-½ (53) Moor,S-Majzik,L (2282) Hungary 2005}) 10... cxd5 11. bxa4 O-O 12. Nb3 Nc5 13. Nxc5 Bxc5 14. Nd4 Bxd4 15. Bxd4 Qa5 16. Qb1 Qxa4 (16... Qd2 $142) 17. Qb2 $16 Rfc8 18. Rfc1 Ne8 19. e4 dxe4 20. dxe4 Bg6 21. e5 Rxc1+ 22. Rxc1 Rd8 23. Bc3 Rd1+ 24. Be1 Rxc1 25. Qxc1 Be4 26. Qf4 $36 {[%mdl 2048] White fights for an advantage.} f5 27. exf6 Nxf6 28. Bxe4 Qxe4 29. Qxe4 Nxe4 $14 {[%mdl 4096] Endgame KB-KN} 30. Kg2 Kf7 31. Kf3 Nc5 32. Bc3 g5 33. Bd4 Nd7 34. Ke4 Kg6 35. f3 Nb8 36. Be3 Nd7 37. h3 Kf6 38. f4 gxf4 39. gxf4 Kg6 40. a4 Kf6 41. a5 Nb8 {Accuracy: White = 83%, Black = 89%.} 1/2-1/2

[Event "91st GER-ch 2020"]
[Site "Magdeburg"]
[Date "2020.08.21"]
[Round "8.2"]
[White "Bindrich, Falko"]
[Black "Engel, Luis"]
[Result "0-1"]
[WhiteElo "2605"]
[BlackElo "2532"]
[Annotator "TA"]
[PlyCount "74"]
[EventDate "2020.08.16"]
[EventType "swiss"]
[EventCountry "GER"]
[SourceTitle "playchess.com"]
[Source "ChessBase"]
[SourceQuality "1"]

{[%evp 17,74,0,11,-5,0,-34,-28,-54,22,0,0,0,0,8,7,0,0,0,31,-56,0,0,0,0,0,-147,-142,-136,-140,-250,-244,-236,306,302,529,-242,-248,-318,-202,-423,-406,-414,-417,-438,-440,-509,-512,-507,-499,-504,-497,-482,-491,-483,-488,-537,-549,-541,-449]} 1. d4 Nf6 2. c4 e6 3. Nf3 d5 4. Nc3 c6 5. g3 Nbd7 6. Bg2 dxc4 7. a4 Bb4 8. O-O O-O 9. Qc2 Qe7 10. Bf4 {[#] E01: Catalan: Early deviations.} b6 $1 $146 {[%mdl 8] An important novelty.} ({Predecessor:} 10... Bd6 11. Rfd1 Bxf4 12. gxf4 a5 13. e3 Nb6 14. Ne5 Bd7 15. b3 cxb3 16. Qxb3 Qb4 17. Rdb1 Nbd5 18. Bxd5 cxd5 19. Qxb4 axb4 20. Rxb4 {1-0 (48) Nyzhnyk,I (2616)-Pavasovic,D (2548) chess.com INT 2017}) 11. e4 Bb7 12. Rad1 {Black has an edge.} c5 ({Better is} 12... h6 $15) 13. e5 Nd5 14. Ng5 {[%csl Gg5][%cal Rc2h7]} g6 15. Nxd5 $1 exd5 16. dxc5 h6 $1 $36 {[%cal Rh6g5][%mdl 2048] Black is pushing.} ({Of course not} 16... Qxc5 $6 17. e6 $16) 17. Nf3 g5 ({But not} 17... Qxc5 $2 18. e6 $18) 18. Bc1 ({White should try} 18. c6 $1 $14 Bxc6 19. Nd4) 18... Nxc5 ({Black should play} 18... bxc5 $15 19. h4 Nxe5) 19. h4 $1 $11 {[%cal Rh4g5]} Ne4 $1 {[%cal Bc5e4,Be4g5,Bg5h7][%mdl 32] aiming for ...Bc5.} 20. hxg5 hxg5 21. Nxg5 (21. Qe2 $11 {remains equal.}) 21... Nxg5 $17 22. Qf5 Nh7 $1 23. Bh6 (23. Rd4 $17 Qe6 24. Qh5) 23... Qe6 $19 24. Qh5 Rfd8 $4 {[%mdl 8192]} (24... Rfe8 $19 {and life is good for Black. Hoping for ...Kh8.} 25. Rd4 Kh8) 25. Rd4 $1 $18 Kh8 $2 {[#]} (25... Bf8 {might work better.} 26. Rg4+ (26. Bxf8 Nxf8 27. Rg4+ Ng6 $11) 26... Kh8) 26. Rf4 $4 {[%mdl 8192]} (26. Bg5 $1 $18 {[%cal Rg5f6]} Kg7 27. Bxd8 Rxd8 28. Bh3) 26... Qg6 $19 27. Qh4 {White wants to play Bh3.} Bd2 {[#]} 28. Rf6 $2 (28. Rxf7 $1 {[%mdl 512]} Qxf7 29. Bxd2) 28... Nxf6 29. Bxd2+ Nh7 30. Bc3 Rg8 {Black is clearly winning.} 31. Bd4 Qg5 {White must now prevent ...Qxh4.} 32. e6+ f6 33. Qh3 Rg6 {Strongly threatening ...Rh6.} 34. e7 {Black should prevent Qd7.} Qg4 35. Bxf6+ Kg8 36. Bh4 Qxh3 37. Bxh3 Ng5 {Accuracy: White = 41%, Black = 44%.} 0-1

[Event "91st GER-ch 2020"]
[Site "Magdeburg"]
[Date "2020.08.21"]
[Round "8.3"]
[White "Stern, Rene"]
[Black "Siebrecht, Sebastian"]
[Result "1-0"]
[WhiteElo "2526"]
[BlackElo "2417"]
[Annotator "TA"]
[PlyCount "95"]
[EventDate "2020.08.16"]
[EventType "swiss"]
[EventCountry "GER"]
[SourceTitle "playchess.com"]
[Source "ChessBase"]
[SourceQuality "1"]

{[%evp 11,95,21,26,22,26,0,12,0,22,12,12,-14,14,13,16,16,19,12,4,8,10,0,49,38,50,43,52,51,62,54,42,49,50,37,56,51,65,40,42,27,20,34,21,0,-2,-24,17,0,45,41,56,41,46,36,74,59,60,35,64,21,22,8,201,147,147,153,146,145,337,327,336,358,354,354,475,430,426,429,1571,1450,1475,1216,1370,1141,1208,499]} 1. Nf3 Nf6 2. c4 e6 3. Nc3 Bb4 4. Qc2 c5 5. a3 Ba5 6. e3 O-O 7. Be2 {A17: English Opening: 1...Nf6 with ...Bb4.} d5 8. Na4 b6 9. O-O {[#] The position is equal.} a6 $146 ({Predecessor:} 9... Ba6 10. b3 Nbd7 11. Nb2 Bb7 12. Rb1 a6 13. Nd3 dxc4 14. bxc4 Be4 15. Nfe1 Qe7 {½-½ (47) Olafsson,H (2500)-Roser,K (2255) Mulhouse 1997}) 10. cxd5 exd5 11. Rb1 {b4 is the strong threat.} c4 12. b4 cxb3 $1 13. Qxb3 {[%cal Ra4b6]} Nbd7 14. Nd4 Qc7 15. Bb2 {White wants to play Rfc1.} b5 $1 {[%cal Rb5a4]} 16. Nc3 Nb6 17. d3 $36 {[%mdl 2048] White is more active.} Bd7 18. Rfc1 {aiming for Ne4.} Qd6 19. h3 Rfe8 20. Qd1 Nc8 21. Na2 Ne7 22. Rc2 Nf5 23. Nxf5 Bxf5 24. Rbc1 Rac8 25. Rxc8 Rxc8 26. Rxc8+ Bxc8 27. Qc2 Be6 28. Nc1 {[%cal Ba2c1,Bc1e2,Be2f4][%mdl 32]} Bc7 {( -> ...Qh2+)} (28... d4 $5) 29. Kf1 Qh2 {[%cal Rh2h1]} 30. Bf3 Qd6 31. Ne2 Bb6 32. Nf4 Bc5 33. Qb3 Kf8 34. a4 bxa4 $1 35. Qxa4 Bd7 36. Qa1 Ne8 $2 (36... d4 $1 $11) 37. Bxd5 Bb5 {next ...g5 is good for Black.} 38. Be5 Qd7 {With the idea ...g5.} 39. Qc3 Be7 $2 {[#] Loses the game.} (39... Bd6 $16 {was called for.} 40. Bxd6+ Qxd6) 40. Bxf7 $1 $18 Bxd3+ 41. Kg1 ({Don't play} 41. Nxd3 Kxf7 42. Bxg7 Qc7 $18) ({Not} 41. Qxd3 Qxd3+ 42. Nxd3 Kxf7 $16) 41... Bf5 42. Bb3 Qb5 43. g4 {White is clearly winning.} Bd7 44. Nh5 {[%cal Re5g7]} g6 (44... Bb4 $142 45. Qd4 Ke7 46. Nxg7 Bc5) 45. Bg7+ Nxg7 46. Qxg7+ {[%mdl 64] [#] Double Attack} Ke8 47. Qg8+ Bf8 48. Qf7+ {Accuracy: White = 83%, Black = 62%.} (48. Nf6+ $142 Ke7 49. Qf7+ Kd6 50. Qxf8+ Kc7 51. Qf7) 1-0

[Event "91st GER-ch 2020"]
[Site "Magdeburg"]
[Date "2020.08.21"]
[Round "8.4"]
[White "Parvanyan, Ashot"]
[Black "Dubiel, Jacek"]
[Result "1-0"]
[WhiteElo "2449"]
[BlackElo "2414"]
[Annotator "RC"]
[PlyCount "61"]
[EventDate "2020.08.16"]
[EventType "swiss"]
[EventCountry "GER"]
[SourceTitle "playchess.com"]
[Source "ChessBase"]
[SourceQuality "1"]
[TimeControl "40/5400+30:1800+30"]

1. Nf3 {[%emt 0:00:00]} Nf6 {[%emt 0:00:00]} 2. c4 {[%emt 0:00:00]} e6 {[%emt 0:00:00]} 3. g3 {[%emt 0:00:14]} d5 {[%emt 0:00:00]} 4. Bg2 {[%emt 0:00:13]} d4 {[%emt 0:00:04]} 5. O-O {[%emt 0:00:58]} c5 {[%emt 0:00:52]} 6. e3 {[%emt 0:00:53]} Nc6 {[%emt 0:00:05]} 7. exd4 {[%emt 0:00:34]} cxd4 {[%emt 0:00:09]} 8. d3 {[%emt 0:00:04]} Bd6 {[%emt 0:05:28]} 9. Na3 {[%emt 0:00:59]} O-O {[%emt 0:05:38]} 10. Nc2 {[%emt 0:00:14]} Bc5 {[%emt 0:15:25]} 11. Re1 {[%emt 0:03:10]} a5 {[%emt 0:06:02]} 12. b3 {[%emt 0:11:06]} Nd7 {[%emt 0:14:24]} 13. a3 {[%emt 0:03:46]} e5 {[%emt 0:10:10]} 14. Rb1 {[%emt 0:05:28]} Re8 {[%emt 0:01:45]} 15. b4 {[%emt 0:07:26]} axb4 {[%emt 0:00:34]} 16. axb4 {[%emt 0:00:09]} Bf8 {[%emt 0:00:04]} 17. Bg5 {[%emt 0:03:04]} f6 {[%emt 0:01:39]} 18. Bd2 {[%emt 0:02:30]} Ndb8 {[%emt 0:11:04]} 19. b5 {[%emt 0:11:00]} Ne7 {[%emt 0:00:49]} 20. Bb4 {[%emt 0:02:53]} Qc7 {[%emt 0:04:46]} 21. Nfxd4 {[%emt 0:16:47]} exd4 {[%emt 0:00:51]} 22. Nxd4 {[%emt 0:00:04]} Qb6 {[%emt 0:11:38]} 23. c5 {[%emt 0:03:42]} Qd8 {[%emt 0:00:02]} 24. Qb3+ {[%emt 0:03:29]} Kh8 {[%emt 0:00:11]} 25. Qf7 {[%emt 0:00:14]} Ra4 {[%emt 0:04:00]} 26. c6 {[%emt 0:12:39]} bxc6 {[%emt 0:00:46]} 27. Nxc6 {[%emt 0:00:05]} Nbxc6 {[%emt 0:00:26]} 28. bxc6 {[%emt 0:00:37]} Bf5 {[%emt 0:05:04]} 29. Bxe7 {[%emt 0:00:45]} Bxe7 {[%emt 0:00:14]} 30. Rxe7 {[%emt 0:00:15]} Rxe7 {[%emt 0:00:30]} 31. Qxe7 {[%emt 0:00:17]} 1-0

[Event "91st GER-ch 2020"]
[Site "Magdeburg"]
[Date "2020.08.21"]
[Round "8.5"]
[White "Mueller, Dominik"]
[Black "Schulte, Felix"]
[Result "1-0"]
[WhiteElo "2252"]
[BlackElo "2174"]
[Annotator "TA"]
[PlyCount "55"]
[EventDate "2020.08.16"]
[EventType "swiss"]
[EventCountry "GER"]
[SourceTitle "playchess.com"]
[Source "ChessBase"]
[SourceQuality "1"]

{[%evp 9,55,1,20,14,20,12,49,54,60,32,32,24,124,123,291,279,292,293,297,284,287,240,399,347,365,335,424,382,639,616,648,584,1011,532,950,947,867,939,939,822,1270,1062,1045,1021,980,965,1634,1516]} 1. c4 c5 2. Nc3 Nc6 3. g3 g6 4. Bg2 Bg7 5. a3 Nh6 6. h4 {A36: Symmetrical English vs ...g6: 4 Bg2 Bg7.} d6 7. h5 Nf5 8. d3 {White is slightly better.} e6 {[#]} 9. h6 $146 ({Predecessor:} 9. Bd2 g5 10. b4 h6 11. Rb1 O-O 12. e3 Ne5 13. Qc2 Rb8 14. Nf3 Nxf3+ 15. Bxf3 {½-½ (47) Kovalenko,I (2636)-Kveinys,A (2545) Riga 2017}) 9... Bxc3+ 10. bxc3 Bd7 (10... O-O $11 {keeps the balance.}) 11. e4 $36 {[%mdl 2048] Keeping Black busy.} Qa5 $2 {[#]} (11... Nfe7 $16) 12. exf5 $18 Qxc3+ 13. Bd2 Qxd3 14. fxg6 fxg6 15. Qe2 Qd4 $2 (15... Qxe2+ 16. Nxe2 Ne5) 16. Rc1 {[#] Hoping for Bc3.} Qb2 17. Nf3 Rf8 18. Be3 Qxa3 $2 (18... Qxe2+ 19. Kxe2 e5) 19. O-O {White is clearly winning.} O-O-O 20. Ng5 Rf5 21. g4 Re5 22. Nf7 Nd4 23. Qd2 Bc6 24. Bxd4 Bxg2 25. Kxg2 Re4 26. Be3 Rxg4+ 27. Kh3 Rf4 28. Nxd8 {Black did not feel at home in the position after the opening. Accuracy: White = 77%, Black = 27%.} 1-0

[Event "91st GER-ch 2020"]
[Site "Magdeburg"]
[Date "2020.08.21"]
[Round "8.6"]
[White "Ehmann, Thilo"]
[Black "Hess, Max"]
[Result "0-1"]
[WhiteElo "2329"]
[BlackElo "2378"]
[Annotator "TA"]
[PlyCount "72"]
[EventDate "2020.08.16"]
[EventType "swiss"]
[EventCountry "GER"]
[SourceTitle "playchess.com"]
[Source "ChessBase"]
[SourceQuality "1"]

{[%evp 15,71,48,55,19,16,-10,-15,-37,-36,-84,-78,-104,0,-162,-175,-160,-172,-306,-306,-428,-413,-411,-429,-713,-704,-769,-273,-280,-273,-265,-280,-267,109,109,109,109,179,111,106,105,154,-413,-452,-650,-646,-685,-685,-645,-647,-741,-659,-1028,-1020,-1000,-988,-983,-982,-29999]} 1. e4 e5 2. Nf3 Nc6 3. Bb5 g6 4. c3 a6 5. Ba4 d6 6. d4 Bd7 7. Bg5 f6 8. Be3 Nh6 9. dxe5 {C76: Ruy Lopez: Deferred Steinitz: 5 c3 Bd7 6 d4 g6.} dxe5 10. h3 Nf7 11. O-O {[#] The position is equal.} f5 $146 ({Predecessor:} 11... Qe7 12. b4 Nd6 13. Nbd2 Bg7 14. Bb3 Be6 15. Bd5 Nd8 16. c4 c6 17. Bxe6 Nxe6 {½-½ (45) Videnova,I (2329)-Plenca,J (2108) Malinska 2013}) 12. exf5 gxf5 13. Qd5 f4 (13... Rg8 $17 14. Re1 (14. Bb3 Rg7 $11) 14... Rg6) 14. Bc1 $2 (14. Bxf4 $1 $11 exf4 15. Re1+ (15. Bb3 $2 Qf6 $19) 15... Be7 16. Qh5) 14... Qf6 $19 15. Bb3 Rg8 $1 {[%cal Rg8g7]} 16. Nbd2 (16. Qxf7+ $142 Qxf7 17. Bxf7+ Kxf7 18. Kh1) 16... Rg7 $1 (16... Bxh3 17. Ne4 $11) 17. Ne4 {[#]} Qg6 $1 {[%csl Gg7][%cal Rg6g2][%mdl 512]} 18. Nh4 Qh6 19. g3 (19. Nf5 $142 Bxf5 20. Bxf4) 19... O-O-O 20. Kh2 {[#]} Be7 $2 (20... Bxh3 $1 {[%mdl 512]} 21. Qc4 (21. Kxh3 Rxd5) 21... Bf5) 21. Bxf4 exf4 22. Nf5 Qg6 $1 ({Inferior is} 22... fxg3+ 23. fxg3 Bxf5 24. Qxf5+ Kb8 25. Bxf7 $11) 23. Nxg7 {[#]} Qxg7 $2 ({Black should play} 23... Nce5 $1 $19 24. Ne6 {[%mdl 64] Double Attack} fxg3+ 25. Nxg3 Bc6) 24. Qxf7 $16 Qh6 {And now ...Rf8 would win.} 25. Qxf4 Qxh3+ 26. Kg1 Rf8 {[%cal Bd8f8,Bf8f6,Bf6h6][%mdl 32] [#]} 27. Qe3 $1 {f4 is the strong threat.} Ne5 {aiming for ...Ng4.} 28. Bd1 $2 {Now White is beyond hope.} (28. Ng5 $16 {is forced if you want to stay better.} Qf5 29. Bd5) 28... Bc6 $19 29. Re1 {[#]} (29. b4 $142 Rf6 30. f4 Bxe4 {[%mdl 64] Overworked Piece} 31. Qxe4 {[%mdl 64] Pin} Qxg3+ {[%mdl 64] Double Attack} 32. Qg2 Qe3+ 33. Rf2) 29... Rf6 $1 {[%mdl 512]} 30. b3 (30. Nxf6 Qh1#) 30... b6 {Strongly threatening ...Bc5!} 31. b4 {If only White now had time for a4....} Rh6 {[%csl Gh6][%cal Rh3h1]} 32. Bf3 {Threatening Bg2.} Bb5 {[%csl Gh6][%cal Rh3h2]} 33. c4 Bxc4 {[%csl Gh6][%cal Rh3h2]} 34. Re2 Nxf3+ 35. Qxf3 Bxe2 36. Qxe2 Qh1# {Accuracy: White = 37%, Black = 75%.} 0-1

[Event "91st GER-ch 2020"]
[Site "Magdeburg"]
[Date "2020.08.21"]
[Round "8.7"]
[White "Mons, Leon"]
[Black "Andre, Gordon"]
[Result "1-0"]
[WhiteElo "2540"]
[BlackElo "2373"]
[Annotator "TA"]
[PlyCount "63"]
[EventDate "2020.08.16"]
[EventType "swiss"]
[EventCountry "GER"]
[SourceTitle "playchess.com"]
[Source "ChessBase"]
[SourceQuality "1"]

{[%evp 16,63,132,135,141,136,166,157,226,193,249,194,205,168,176,167,179,137,187,184,195,134,135,135,150,150,150,159,161,115,150,101,232,126,256,134,238,238,238,238,333,118,361,362,510,387,1022,845,836,827]} 1. e4 e6 2. d4 d5 3. Nc3 Nf6 4. Bg5 Be7 5. e5 Nfd7 6. h4 a6 7. Qg4 f5 8. Qh5+ g6 {[#]} 9. Qh6 $1 {[%cal Rh6g7] Threatens to win with Qg7.} Bxg5 {C14: French: Classical System: 4 Bg5 Be7 main line.} 10. hxg5 {aiming for Qg7.} Kf7 {...c5 would now be nice for Black.} 11. g4 Nf8 (11... fxg4 $16 12. Bd3 Nc6) 12. O-O-O Nc6 {[#]} (12... fxg4 {keeps fighting.} 13. Be2 Nc6 14. Bxg4 Ne7) 13. f4 $146 ({Predecessor:} 13. gxf5 exf5 14. Nge2 Be6 15. Nf4 Ne7 16. Bg2 b5 17. Kb1 c6 18. Nce2 Ng8 19. Qh4 h6 20. Bf3 Rh7 21. Rdg1 hxg5 22. Qxh7+ Nxh7 23. Rxh7+ Ke8 24. Nxe6 {1-0 (24) Hrabusa,M (2309)-Hujo,J (2095) Zvolen 2008}) 13... Ne7 14. Qh3 Bd7 15. Kb1 b6 16. Bd3 Qc8 17. gxf5 exf5 18. e6+ ({Better is} 18. Bf1 $18) 18... Bxe6 $16 19. Qe3 Qd8 20. Nf3 {[%mdl 1024] White has strong compensation.} Qd6 21. Ne5+ Kg7 22. Ne2 c6 23. Rde1 a5 (23... Rg8 $16) 24. a3 (24. Qh3 $6 Rg8 $16) (24. Rh6 $18) 24... Ra7 (24... Rg8 $16 {was necessary.} 25. Rh2 (25. Qh3 Kh8 $16) 25... Kh8) 25. Nc3 (25. Qh3 $6 Rg8 $16) (25. Rh6 $18) 25... Bc8 (25... Rg8 $16 {was called for.} 26. Na4 (26. Qh3 Kh8 $16) 26... Qc7) 26. Na4 $18 ({But not} 26. Qh3 $6 Ne6) 26... Qc7 27. c4 Ne6 28. Rc1 $2 (28. cxd5 $18 {and White stays clearly on top.} Nxd5 {[%mdl 64] Double Attack} 29. Qh3 Ndxf4 30. Qh6+ Kg8 31. Bc4) 28... dxc4 $2 (28... c5 $16) 29. Bxc4 Qd8 (29... Qd6 $142 30. Rcd1 (30. Nxb6 Qxd4 31. Qxd4 Nxd4 $16) (30. Qh3 b5 $16) 30... Nd5 31. Bxd5 cxd5) 30. Rhd1 ({Less strong is} 30. Qh3 b5 $16) 30... b5 $2 {[#]} (30... Re8 31. Qh3 Rb7) 31. d5 $1 {[%mdl 512]} cxd5 32. Qxa7 {Accuracy: White = 34%, Black = 38%.} 1-0